Регионална библиотека "Любен Каравелов" - Русе

Откраднатият куфар (Запис номер 44404)

MARC детайли
000 -Лидер
Контролно поле с фиксирана дължина 01179nam a2200313 c 4500
003 - Код на организацията, давaща контролен номер
Контролно поле BLK
005 - Дата и час на последна редакция
Контролно поле 20250218105900.0
008 - Елементи от данни с фиксирана дължина
fixed length control field 180408b bul|||||r ||||||| ||bul||
010 ## - Наследен системен номер
LC control number KNG00048171000
040 ## - Източник на каталожния запис
Идентификатор на билиотеката - собственик на записа BLK
041 ## - Код за език
Код за езика на текст/звукозапис или на отделно заглавие Български
Код за езика КДБФ Български
080 ## - УДК
Текстов определител УДК Немска литература
УДК код - определител по УДК 821.112.2
УДК определител -32
УДК - код + определител 821.112.2-32
100 1# - Редна дума - Автор
Автор Хесе, Херман
Авторска отговорност първи автор
R(LIN) 366442
139 ## - Редно поле
Редна дума Хесе, Херман
Авторски знак Хес - Х 45
245 10 - Сведения за заглавието
Заглавие Откраднатият куфар
Подзаглавни данни Разкази
Редно поле (дума) Херман Хесе; прев. от нем. Венцеслав Константинов.
257 ## - Страна на издаване
Страна на създаване/издаване Германия
260 ## - Област на издателските данни
-- София
Име на издателя, разпространителя и проч. Профиздат
Година на издаване 1986
Печатница Враца : печ. В. Александров
300 ## - Физическа характеристика
Страници 176 с.
Размери/Мащаб 17 см
380 ## - Жанр
Жанр Худож. лит.
490 1# - СЕРИИ (Колекции)
Име на серия Библиотека Факел
500 ## - Общи забележки
Забележка Прев. от Gesammeilte Werke / Hermann Hesse
700 1# - Други автори (авторска отговорност)
Лично име Константинов, Венцеслав
Автороска отговорност (Описва отношението между автора и произведението) прев. от нем.
9 (RLIN) 367608
852 ## - Местоположение
Форматна сигнатура Цб І 22702
856 4# - Електронен адрес и достъп
Електронен формат pdf - файл
Път до файла /url/
856 4# - Електронен адрес и достъп
Електронен формат pdf - файл
Път до файла /url/
942 ## - АРТИКУЛИ
Вид на библиотечния материал Книги
Скрит в OPAC Не
Koha issues (borrowed), all copies 4
944 ## - СЪЗДАВАНЕ И РЕДАКЦИЯ на ЗАПИСА
Създаване/Редакция Създаване
Дата на регистрацията/редакция 09.02.2005
Служител, извършил регистрацията/редакцията 30530
Статус, дата на статуса Минев Младен
944 ## - СЪЗДАВАНЕ И РЕДАКЦИЯ на ЗАПИСА
Създаване/Редакция Редакция
Дата на регистрацията/редакция 22.02.2005
Служител, извършил регистрацията/редакцията
999 ## - СИСТЕМНИ КОНТРОЛНИ НОМЕРА
Koha biblionumber 44404
Koha biblioitemnumber 44404
Наличности
Код за отписване Код за изгубен артикул Източник на класификационната схема Код за повреда Коз за рестрикции Код за отдаване Артикулен № Име на библиотеката - собственик Име на библиотеката, в която се намира в момента Статус (Текущо местоположение) Дата на вписване в системата Местоположение - отдел Цена в лева Инвентарен номер Систематично азбучна сигнатура Баркод Номер на екземпляра Цена в евро Служебна бележка Служебен тип на артикула
  Не е изгубен Universal Decimal Classification Не е повреден без рестрикции заемане за дома 70063 Регионална библиотека "Любен Каравелов" Русе Регионална библиотека "Любен Каравелов" Русе Заемна - подръчен фонд 2005-02-09 Заемна - подръчен фонд 2.00 120000691703 П 830-32/Х 45 120000691703 1 1.02 Дост: DA Вид: А N: 3 Дата: 07.02.2005; Бележки инв: П2018 Книги
Изтеглен Не е изгубен Universal Decimal Classification Не е повреден без рестрикции заемане за дома 70064 Регионална библиотека "Любен Каравелов" Русе Регионална библиотека "Любен Каравелов" Русе Заемна - подръчен фонд 1986-01-01 Заемна - подръчен фонд 1.00 451782 П 830-32/Х 45 451782 2 0.51 Дост: Pk Вид: Ф N: стар фонд Дата: 01.01.1986 Книги
Изтеглен Не е изгубен Universal Decimal Classification Не е повреден без рестрикции заемане за дома 70065 Регионална библиотека "Любен Каравелов" Русе Регионална библиотека "Любен Каравелов" Русе Заемна - подръчен фонд 1986-01-01 Заемна - подръчен фонд 1.00 451784 П 830-32/Х 45 451784 3 0.51 Дост: Pk Вид: Ф N: стар фонд Дата: 01.01.1986 Книги
  Не е изгубен Universal Decimal Classification Не е повреден само за читалня ползва се в читалня 70066 Регионална библиотека "Любен Каравелов" Русе Регионална библиотека "Любен Каравелов" Русе Хранилище 1986-01-01 Хранилище 1.00 450247 Цб І 22702 120000450247 4 0.51 Дост: Dp Вид: Д N: стар фонд Дата: 01.01.1986 Книги
Vip Innovations Ltd, Rousse, Bulgaria 2025